MARC details
| 000 -CABECERA |
| campo de control de longitud fija |
00946cam a2200265 a 4500 |
| 001 - NÚMERO DE CONTROL |
| campo de control |
000012236 |
| 005 - FECHA Y HORA DE LA ÚLTIMA TRANSACCIÓN |
| campo de control |
20200929162745.0 |
| 008 - DATOS DE LONGITUD FIJA--INFORMACIÓN GENERAL |
| campo de control de longitud fija |
000720s1992 ck a b 000 0 spa |
| 020 ## - NÚMERO INTERNACIONAL ESTÁNDAR DEL LIBRO |
| Número Internacional Estándar del Libro |
958905725X |
| 040 ## - FUENTE DE LA CATALOGACIÓN |
| Centro catalogador/agencia de origen |
DO-SdBNP |
| Centro/agencia transcriptor |
DLC |
| Centro/agencia modificador |
BNPHU |
| 082 ## - NÚMERO DE LA CLASIFICACIÓN DECIMAL DEWEY |
| Número de clasificación |
371.334 |
| Número de documento/Ítem |
G182i |
| 049 ## - FONDOS LOCALES (OCLC) |
| Fondos de biblioteca |
BNGR |
| 100 1# - ENTRADA PRINCIPAL--NOMBRE DE PERSONA |
| Nombre de persona |
Galvis Panqueva, Alvaro. |
| 9 (RLIN) |
28881 |
| 245 10 - MENCIÓN DE TÍTULO |
| Título |
Ingenieria de software educativo / |
| Mención de responsabilidad, etc. |
Alvaro H. Galvis Panqueva. |
| 260 ## - PUBLICACIÓN, DISTRIBUCIÓN, ETC. |
| Lugar de publicación, distribución, etc. |
Santafé de Bogotá, (Colombia) : |
| Nombre del editor, distribuidor, etc. |
Uniandes, |
| Fecha de publicación, distribución, etc. |
1992. |
| 300 ## - DESCRIPCIÓN FÍSICA |
| Extensión |
xxiii, 359 p. : |
| Otras características físicas |
il. ; |
| Dimensiones |
24 cm. |
| 490 1# - MENCIÓN DE SERIE |
| Mención de serie |
Biblioclase |
| 500 ## - NOTA GENERAL |
| Nota general |
Primera reimpresión, 1997 |
| 504 ## - NOTA DE BIBLIOGRAFÍA, ETC. |
| Nota de bibliografía, etc. |
Bibliografía: (p. [349]-359). |
| 586 ## - NOTA DE PREMIOS |
| Nota de premios |
Premio nacional de pedagogía, 1993. Meción de honor al autor categoria innovación. |
| 650 #4 - PUNTO DE ACCESO ADICIONAL DE MATERIA--TÉRMINO DE MATERIA |
| Término de materia o nombre geográfico como elemento de entrada |
Enseñanza con ayudas de computadores |
| 9 (RLIN) |
28882 |
| 650 #4 - PUNTO DE ACCESO ADICIONAL DE MATERIA--TÉRMINO DE MATERIA |
| Término de materia o nombre geográfico como elemento de entrada |
Ingeniería de software |
| Subdivisión general |
Estudio y enseñanza |
| 9 (RLIN) |
28883 |
| 830 #0 - PUNTO DE ACCESO ADICIONAL DE SERIE-TÍTULO UNIFORME |
| Título uniforme |
Biblioclase. |
| 9 (RLIN) |
28884 |
| 910 ## - DATOS DE OPCIÓN DEL USUARIO (OCLC) |
| Datos de opción del usuario |
Catalogación por copia/LC |